20 Continental Capitals Likely to be Closest to Random Point on Land - Statistics

General Stats
  • This quiz has been taken 420 times
  • The average score is 7 of 20
Answer Stats
% Capital % Correct
1.4% Moscow
81%
1.7% Washington
74%
1.6% Beijing
73%
8.0% Ottawa
65%
3.2% Mexico City
62%
3.2% Brasília
61%
1.4% New Delhi
61%
5.6% Ulaanbaatar
42%
3.2% Astana
40%
2.1% Santiago
33%
1.6% Oslo
26%
5.1% Cape Town
23%
1.4% Hanoi
19%
1.3% Khartoum
17%
2.0% Pyongyang
17%
1.6% N'Djamena
15%
1.3% Montevideo
14%
1.2% Niamey
13%
7.1% Kuala Lumpur
9%
1.2% Phnom Penh
5%
No matching quizzes found
Score Distribution
Percent of People with Each Score
Percentile by Number Answered
Your Score History
You have not taken this quiz